000 00433nam a2200193Ia 4500
005 20240823035206.0
008 240823s9999||||xx |||||||||||||| ||und||
020 _a978-81-723-391-0
041 _aENGLISH
082 _A823.92 Q2
100 _aGirish Kohli
245 0 _aMarathon Baba
250 _a1st
260 _c2012
_bPrakash
_aNew Delhi
500 _aYES
650 _aNovel
_bEnglish
942 _cBK
999 _c200098
_d200098